000 00626nam a2200193Ia 4500
008 130821s1973 ag gr spa
040 _aCo-BoUCM
_bspa
041 _aspa
100 1 _aDiderot
_9110800
245 1 0 _ainvestigaciones filosóficas sobre el origen y naturaleza de lo bello
_cDiderot
260 _aBuenos Aires (Argentina)
_bAguilar
_c1973
300 _a78 páginas
490 _aBiblioteca de Iniciación Filosófica, 123
650 0 4 _aEstética
_915073
650 0 4 _aFilosofía francesa
_915814
650 0 4 _aFilosofía
_975
942 _cLIBRO
_a2
_e1
_mD43I
_2DEWEY
_h194
999 _c6741
_d6741